Missing Word: Shania Twain (A-Z) Quiz Stats

Quiz Updated Mar 11, 2018

Challenge
Share
Tweet
Embed
Score 0/22 Timer 03:00
0 Plays Today
Song Missing Word % Correct
_____! I Feel Like A Woman!Man
93.4%
Love Gets Me _____ TimeEvery
91.1%
She's Not Just a _____ FacePretty
89.5%
_____ Still the OneYou're
89%
_____ and for AlwaysForever
87.5%
_____, I'm HomeHoney
87%
I'm Holdin' On to Love (To Save My _____)Life
81.1%
No One Needs To _____Know
80.3%
That Don't _____ Me MuchImpress
80%
Whose Bed Have Your _____ Been Under?Boots
79.5%
Party For _____Two
76.2%
Song Missing Word % Correct
Whatever You Do! _____ !Don't
74.7%
I'm Gonna Getcha _____Good
70.1%
(If You're Not in It for Love) I'm _____ Here!Outta
67.4%
The Woman in Me (_____ the Man in You)Needs
55.8%
Don't Be _____ (You Know I Love You)Stupid
53.7%
If You Wanna Touch Her, _____!Ask
41.5%
I Ain't No _____Quitter
38.3%
Rock This _____!Country
31.3%
I'm _____Jealous
27.8%
You _____ My LoveWin
25%
_____ on Our LoveRaining
7.7%

Today's Daily Dose

You're not logged in!

Compare scores with friends on all Sporcle quizzes.
Sign Up with Email
OR
Log In

You Might Also Like...

Show Comments

Extras

Top Quizzes Today


Score Distribution

Your Account Isn't Verified!

In order to create a playlist on Sporcle, you need to verify the email address you used during registration. Go to your Sporcle Settings to finish the process.

Report this User

Report this user for behavior that violates our Community Guidelines.

Details: